Gemeinden im Landkreis Breisgau-Hochschwarzwald - Statistiken

Allgemein
  • Dieses Quiz wurde 78 mal gespielt
  • Das Durchschnittsergebnis liegt bei 19 aus 50
Antwortstatistiken
% Korrekt
Titisee-Neustadt
73%
Breisach am Rhein
70%
Feldberg
60%
Kirchzarten
58%
Au
53%
Hinterzarten
53%
Schallstadt
50%
St. Peter
50%
St. Märgen
48%
Umkirch
48%
Schluchsee
45%
Bad Krozingen
43%
Merzhausen
43%
Müllheim
43%
Münstertal
43%
Neuenburg am Rhein
43%
Staufen im Breisgau
43%
Stegen
43%
Gundelfingen
40%
Löffingen
40%
Auggen
38%
Ehrenkirchen
38%
Glottertal
38%
Ihringen
38%
Sölden
38%
Bötzingen
35%
Hartheim
35%
Heitersheim
35%
Lenzkirch
35%
March
35%
Pfaffenweiler
35%
Bollschweil
33%
Oberried
33%
Vogtsburg im Kaiserstuhl
33%
Wittnau
33%
Badenweiler
30%
Buchenbach
30%
Ebringen
30%
Horben
30%
Breitnau
28%
Merdingen
28%
Eisenbach
25%
Ballrechten-Dottingen
23%
Buggingen
23%
Eichstetten
23%
Gottenheim
23%
Eschbach
20%
Friedenweiler
18%
Sulzburg
18%
Heuweiler
15%
Keine übereinstimmenden Quizze gefunden
Verteilung der Resultate
Anzahl Personen mit jedem Resultat
Perzentil nach korrekt beantworteten Fragen
Ihre Resultats-Entwicklung
Sie haben dieses Quiz noch nicht gespielt